000
00190 a2200097 4500
001
7652
100
_a
Salik, A M
245
_a
Zikri-e-Iqbal
260
_a
_b
B Iqbal
_c
090
_c
6121
_d
6121
942
_a
NUST-CAE
_c
M
_c
32625
999
_c
242725
_d
242725